<?xml version="1.0" encoding="UTF-8"?>
<marc:record xmlns:marc="http://www.loc.gov/MARC21/slim">
   <marc:leader>00000nam a2200000 a 4500</marc:leader>
   <marc:datafield ind1="1" ind2=" " tag="100">
      <marc:subfield code="a">Spreitzhofer, Eva [Regie]</marc:subfield>
      <marc:subfield code="4">aut</marc:subfield>
      <marc:subfield code="e">Verfasser/-in</marc:subfield>
   </marc:datafield>
   <marc:datafield ind1="1" ind2=" " tag="100">
      <marc:subfield code="a">Holzer, Andy</marc:subfield>
   </marc:datafield>
   <marc:datafield ind1=" " ind2=" " tag="653">
      <marc:subfield code="a">Blindheit</marc:subfield>
   </marc:datafield>
   <marc:datafield ind1=" " ind2=" " tag="653">
      <marc:subfield code="a">Gesellschaft</marc:subfield>
   </marc:datafield>
   <marc:datafield ind1=" " ind2=" " tag="653">
      <marc:subfield code="a">Bergsteiger</marc:subfield>
   </marc:datafield>
   <marc:datafield ind1="0" ind2="0" tag="245">
      <marc:subfield code="a">Unter Blinden [Bildtonträger]</marc:subfield>
   </marc:datafield>
   <marc:datafield ind1="0" ind2="0" tag="245">
      <marc:subfield code="b">das extreme Leben des Andy Holzer</marc:subfield>
   </marc:datafield>
   <marc:datafield ind1="0" ind2="0" tag="245">
      <marc:subfield code="c">Ein Film von Eva Spreitzhofer</marc:subfield>
   </marc:datafield>
   <marc:datafield ind1=" " ind2="1" tag="264">
      <marc:subfield code="a">Wien</marc:subfield>
      <marc:subfield code="b">Hoanzl</marc:subfield>
      <marc:subfield code="c">2014</marc:subfield>
   </marc:datafield>
   <marc:datafield ind1="1" ind2=" " tag="520">
      <marc:subfield code="a">Andy Holzer ist 46 Jahre, Extrembergsteiger und blind. Er ist der einzige professionelle Bergsteiger Europas, der nicht sehen kann. Dass Andy Holzer blind ist, ist nur ein Aspekt seines Lebens, und dass wir in einer Gesellschaft leben, die Defizite überbewertet, die sich an den Schwächen der Menschen orientiert und nicht an ihren Stärken, merkt jedes Kind schon an unserem Schulsystem.Wie befreiend es ist, zu seinen Schwächen zu stehen und sich auf seine Stärken zu konzentrieren, erzählt der Film anhand der Geschichte von Andy Holzer und den Menschen in seinem Umfeld auf spannende und witzige Weise.Der Sänger George Nussbaumer, der 1996 Österreich beim Songcontest vertreten hat, ist ebenfalls blind. Er hat einen ähnlich trockenen Humor wie Andy Holzer, aber eine völlig andere 'Sicht' auf das Leben und das Blindsein. Die Auseinandersetzung der beiden über die unterschiedliche Art ihrer Wahrnehmungen bildet einen Höhepunkt des Films.</marc:subfield>
   </marc:datafield>
   <marc:datafield ind1=" " ind2=" " tag="020">
      <marc:subfield code="a">? 15,20</marc:subfield>
      <marc:subfield code="9">? 15,20</marc:subfield>
   </marc:datafield>
   <marc:datafield ind1=" " ind2=" " tag="041">
      <marc:subfield code="a">ger</marc:subfield>
   </marc:datafield>
   <marc:datafield ind1="0" ind2=" " tag="490">
      <marc:subfield code="v">0</marc:subfield>
   </marc:datafield>
   <marc:datafield ind1=" " ind2=" " tag="300">
      <marc:subfield code="a">99' : 1 DVD</marc:subfield>
   </marc:datafield>
</marc:record>
